[Event "Madrid San Viator op-B 30th"]
[Site "Madrid"]
[Date "2018.05.13"]
[Round "5"]
[White "Franco Rincon, David"]
[Black "Avendano Layunta, Manuel"]
[Result "1-0"]
[WhiteElo "1646"]
[BlackElo "1538"]
[PlyCount "115"]
[EventDate "2018.04.08"]
[EventType "swiss"]
[EventRounds "9"]
[EventCountry "ESP"]
[SourceTitle "EXT 2019"]
[Source "ChessBase"]
[SourceDate "2018.10.10"]
[SourceVersion "1"]
[SourceVersionDate "2018.10.10"]
[SourceQuality "1"]

1. b4 d6 2. Bb2 e5 3. e3 Nf6 4. Nf3 Bg4 5. h3 Bh5 6. Be2 Be7 7. d3 c6 8. c4 Nbd7 9. Nbd2 Qc7 10. 0-0 d5 11. a3 e4 12. dxe4 dxe4 13. Ng5 Bg6 14. Qc2 0-0 15. Ngxe4 Nxe4 16. Nxe4 Rae8 17. Qc3 Bf6 18. Nxf6+ Nxf6 19. Rad1 Re7 20. Rd2 Ne8 21. Rfd1 f6 22. Qd4 a6 23. c5 Kh8 24. Qh4 Re4 25. g4 Qf7 26. Qg3 Re7 27. Qb8 Be4 28. f3 Bd5 29. e4 Bb3 30. Rc1 Rd7 31. Qf4 Nc7 32. Qe3 Ba4 33. Bd1 Bxd1 34. Rcxd1 Rfd8 35. Kf2 Rxd2+ 36. Rxd2 Rxd2+ 37. Qxd2 h6 38. Qc3 Ne6 39. Bc1 Qd7 40. Qd2 Qc7 41. Qd6 Qf7 42. Kg3 Nc7 43. Qd8+ Kh7 44. Qd3 Kh8 45. a4 Ne6 46. Be3 Qc7+ 47. Qd6 Qxd6+ 48. cxd6 Nf8 49. f4 Nd7 50. Bd4 Kg8 51. e5 Kf7 52. Kf3 b6 53. Ke4 g6 54. h4 Ke6 55. f5+ gxf5+ 56. gxf5+ Kf7 57. e6+ Ke8 58. exd7+ 1-0

[Event "Madrid San Viator op-B 30th"]
[Site "Madrid"]
[Date "2018.04.22"]
[Round "3"]
[White "Avendano Layunta, Manuel"]
[Black "Fernandez Garcia, Emilio"]
[Result "1/2-1/2"]
[WhiteElo "1538"]
[BlackElo "1556"]
[PlyCount "121"]
[EventDate "2018.04.08"]
[EventType "swiss"]
[EventRounds "9"]
[EventCountry "ESP"]
[SourceTitle "EXT 2019"]
[Source "ChessBase"]
[SourceDate "2018.10.10"]
[SourceVersion "1"]
[SourceVersionDate "2018.10.10"]
[SourceQuality "1"]

1. c4 g6 2. e4 Bg7 3. d4 d6 4. d5 c5 5. h3 Nd7 6. Nf3 Ngf6 7. Qc2 0-0 8. Nc3 a6 9. b3 Nxe4 10. Bb2 Qa5 11. Rc1 Bxc3+ 12. Bxc3 Nxc3 13. Qxc3 Qxc3+ 14. Rxc3 Nf6 15. Re3 Re8 16. Bd3 Bd7 17. Ng5 h6 18. Nf3 b5 19. Nd2 bxc4 20. Bxc4 Bb5 21. 0-0 Bxc4 22. bxc4 Rab8 23. Nb3 Kf8 24. Rfe1 Rb4 25. Rc1 Ra4 26. Rc2 Nd7 27. Nd2 Rb4 28. Ra3 Ra8 29. Rb3 a5 30. Rcb2 Rab8 31. a4 Rxb3 32. Rxb3 Rxb3 33. Nxb3 Nb6 34. Nxa5 Nxa4 35. Kf1 Kg7 36. Ke2 Nb6 37. Kd3 f5 38. f4 g5 39. g3 Kf6 40. h4 gxf4 41. gxf4 Kg6 42. Nc6 Nc8 43. Nd8 Kh5 44. Nf7 Nb6 45. Kc3 Kg6 46. Nd8 Nd7 47. Nc6 Kf7 48. Nd8+ Ke8 49. Ne6 Kf7 50. Nd8+ Kf6 51. Kd3 Nb6 52. Kc3 Kg6 53. Kd3 Kh5 54. Nf7 Nd7 55. Ke3 Nf6 56. Kf3 Ne4 57. Ke3 Nf6 58. Kf3 Ng8 59. Kg3 Kg6 60. Nd8 Kf6 61. Ne6 1/2-1/2

[Event "Madrid San Viator op-B 30th"]
[Site "Madrid"]
[Date "2018.04.15"]
[Round "2"]
[White "Amador Andujar, Alfredo"]
[Black "Avendano Layunta, Manuel"]
[Result "0-1"]
[WhiteElo "1580"]
[BlackElo "1538"]
[PlyCount "112"]
[EventDate "2018.04.08"]
[EventType "swiss"]
[EventRounds "9"]
[EventCountry "ESP"]
[SourceTitle "EXT 2019"]
[Source "ChessBase"]
[SourceDate "2018.10.10"]
[SourceVersion "1"]
[SourceVersionDate "2018.10.10"]
[SourceQuality "1"]

1. e4 c5 2. c3 d6 3. d4 cxd4 4. cxd4 d5 5. e5 e6 6. Nf3 h6 7. Nc3 Bb4 8. a3 Ba5 9. b4 Bb6 10. Nb5 Bc7 11. Qc2 Na6 12. Bf4 Ne7 13. Rc1 Nc6 14. Nxc7+ Nxc7 15. b5 Nxb5 16. Bxb5 Qa5+ 17. Qc3 Qxb5 18. Nd2 Bd7 19. Rb1 Qa5 20. Qd3 b6 21. 0-0 Qa4 22. Be3 Rc8 23. Rfc1 0-0 24. Rb2 Nb8 25. Rbc2 Rxc2 26. Rxc2 Rc8 27. Rxc8+ Bxc8 28. Qc3 Qc6 29. Nb1 Qxc3 30. Nxc3 Ba6 31. Na2 Nc6 32. Nb4 Nb8 33. f4 Bc4 34. Bd2 a5 35. Nc2 Nc6 36. Bc3 Bd3 37. Na1 b5 38. Nb3 b4 39. axb4 axb4 40. Bb2 Kf8 41. Kf2 g5 42. fxg5 hxg5 43. Ke3 Bf5 44. Bc1 Kg7 45. Bd2 Kg6 46. Nc5 Bc2 47. Nd3 b3 48. Bc3 Ne7 49. Nb4 Be4 50. g3 Kh5 51. Nd3 Nf5+ 52. Kd2 Bxd3 53. Kxd3 Kg4 54. Bd2 b2 55. Kc2 Nxd4+ 56. Kxb2 Nf3 0-1

[Event "Madrid San Viator op-B 26th"]
[Site "Madrid"]
[Date "2016.04.03"]
[Round "1"]
[White "Mora Gonzalez Rojas, Francisco"]
[Black "Avendano Layunta, Manuel"]
[Result "0-1"]
[WhiteElo "1253"]
[BlackElo "1576"]
[PlyCount "49"]
[EventDate "2016.04.03"]
[EventType "swiss"]
[EventRounds "9"]
[EventCountry "ESP"]
[SourceTitle "EXT 2017"]
[Source "ChessBase"]
[SourceDate "2016.10.25"]
[SourceVersion "1"]
[SourceVersionDate "2016.10.25"]
[SourceQuality "1"]

1. e4 d6 2. Bb5+ c6 3. Bc4 d5 4. exd5 cxd5 5. Bb5+ Bd7 6. Bxd7+ Qxd7 7. Nf3 Nc6 8. 0-0 e6 9. d4 h6 10. Ne5 Qc7 11. Nxc6 Qxc6 12. Be3 Nf6 13. h3 Bd6 14. Nd2 0-0 15. Nf3 Rac8 16. c3 Qc7 17. Qd3 Ne4 18. Rfe1 Qb6 19. Rab1 Qa5 20. a3 Qc7 21. Ne5 Bxe5 22. dxe5 Qxe5 23. Bxh6 Qd6 24. Rxe4 Rc6 25. Ree1 0-1